| 000 | 00704nam a2200217 4500 | ||
|---|---|---|---|
| 001 | 139949 | ||
| 003 | ES-MaACL | ||
| 005 | 20230906195944.0 | ||
| 007 | t| | ||
| 008 | 070214s1972 sp r ||||1| spa d | ||
| 100 | 1 |
_aSchoonenberg, Piet. _9104653 |
|
| 245 | 1 | 0 |
_aPecado y redención / _cPiet Schoonenberg ; versión de Constantino Ruiz-Garrido, Alejandro Esteban Lator Ros. |
| 260 |
_aBarcelona : _bHerder, _c1972. |
||
| 300 |
_a207 p. ; _c20 cm. |
||
| 490 | 1 |
_aControversia ; _v10 |
|
| 700 | 1 |
_aRuiz-Garrido, Constantino. _9100816 |
|
| 700 | 1 |
_aLator Ros, Alejandro Esteban. _970527 |
|
| 830 | 0 |
_aControversia ; _v10 _9181621 |
|
| 852 |
_aES-MaACL _jC-44786 _bR.81710 |
||
| 999 |
_c139949 _d139949 |
||